[Event "Mecklenburg VP-ch Seniors op 06th"]
[Site "Plau am See"]
[Date "2006.10.08"]
[Round "5"]
[White "Seyler, Erhard"]
[Black "Schneider, Miloca"]
[Result "0-1"]
[WhiteElo "1601"]
[BlackElo "1660"]
[PlyCount "58"]
[EventDate "2006.10.04"]
[EventType "swiss"]
[EventRounds "9"]
[EventCountry "GER"]
[SourceTitle "EXT 2022"]
[Source "ChessBase"]
[SourceDate "2021.10.06"]
[SourceVersion "1"]
[SourceVersionDate "2021.10.06"]
[SourceQuality "1"]

1. Nf3 d5 2. d4 Nf6 3. g3 c6 4. Bg2 Nbd7 5. 0-0 e6 6. Nbd2 Bd6 7. b3 0-0 8. Bb2 Re8 9. c4 e5 10. cxd5 cxd5 11. dxe5 Nxe5 12. Nxe5 Bxe5 13. Bxe5 Rxe5 14. Nf3 Re7 15. Nd4 Bg4 16. Rc1 Rc8 17. Qd2 Rec7 18. h3 Bd7 19. Nf3 h6 20. Rfd1 Qe7 21. Nd4 Qe5 22. Nf3 Qe6 23. Nd4 Qb6 24. e3 Ne4 25. Bxe4 dxe4 26. Kh2 Qf6 27. Rxc7 Rxc7 28. Rc1 Rxc1 29. Qxc1 Qxf2+ 0-1

[Event "Mecklenburg VP-ch Seniors op 06th"]
[Site "Plau am See"]
[Date "2006.10.05"]
[Round "2"]
[White "Worm, Alfred"]
[Black "Seyler, Erhard"]
[Result "1/2-1/2"]
[WhiteElo "1684"]
[BlackElo "1601"]
[PlyCount "26"]
[EventDate "2006.10.04"]
[EventType "swiss"]
[EventRounds "9"]
[EventCountry "GER"]
[SourceTitle "EXT 2022"]
[Source "ChessBase"]
[SourceDate "2021.10.06"]
[SourceVersion "1"]
[SourceVersionDate "2021.10.06"]
[SourceQuality "1"]

1. e4 Nf6 2. Nc3 e5 3. f4 d6 4. Nf3 Bg4 5. Bc4 Nc6 6. h3 Bxf3 7. Qxf3 Nd4 8. Qd3 Be7 9. Ne2 Nxe2 10. Qxe2 Qd7 11. d3 0-0-0 12. Bxf7 g6 13. g4 Nxe4 1/2-1/2